00382nam a2200145 a 450000500170000000800410001701000150005802000180007305000160009110000280010724500120013526000230014752000480017065000180021820141022142003.0130703s19uu xx 00 eng d aCD Q7 2011 a9782090324808 aCDbQ7 2011 aPoisson-Quinton, Sylvie aAmical. bCLE International. a1. CD containing two discs 2. French course aFrench Course